ბათუმის შოთა რუსთაველის სახელმწიფო უნივერსიტეტის ბიბლიოთეკა

A Cultural History of Japanese Buddhism / (ბიბ.ჩანაწერი № 64006)

000 -LEADER
fixed length control field 00653nam a22001817a 4500
005 - DATE AND TIME OF LATEST TRANSACTION
control field 20260306175519.0
008 - FIXED-LENGTH DATA ELEMENTS--GENERAL INFORMATION
fixed length control field 260306s2015 enk||||| |||| 00| 0 eng d
020 ## - INTERNATIONAL STANDARD BOOK NUMBER
International Standard Book Number 9781405167017x
041 ## - LANGUAGE CODE
Language code of text/sound track or separate title eng
080 ## - UNIVERSAL DECIMAL CLASSIFICATION NUMBER
Universal Decimal Classification number 24(520):008:94 D-29
100 ## - MAIN ENTRY--PERSONAL NAME
Personal name Deal, William E.
9 (RLIN) 27081
245 ## - TITLE STATEMENT
Title A Cultural History of Japanese Buddhism /
Statement of responsibility, etc. William E. Deal, Brian Ruppert.
264 ## - PRODUCTION, PUBLICATION, DISTRIBUTION, MANUFACTURE, AND COPYRIGHT NOTICE
Place of production, publication, distribution, manufacture Oxford :
Name of producer, publisher, distributor, manufacturer Wiley-Blackwell,
Date of production, publication, distribution, manufacture, or copyright notice 2015.
300 ## - PHYSICAL DESCRIPTION
Extent 303 p.;
Other physical details 23 cm.
653 ## - INDEX TERM--UNCONTROLLED
keyword იაპონური ბუდიზმის კულტურული ისტორია
700 ## - ADDED ENTRY--PERSONAL NAME
Personal name Ruppert, Brian
Relator term ავტორი
9 (RLIN) 27082
942 ## - ADDED ENTRY ELEMENTS (KOHA)
Source of classification or shelving scheme
Koha item type წიგნი
ეგზემპლარები
Withdrawn status Lost status Source of classification or shelving scheme Damaged status Not for loan Permanent Location Current Location Shelving location Date acquired Cost, normal purchase price Full call number Barcode Date last seen Copy number Uniform Resource Identifier Price effective from Koha item type Public note
          ბათუმის შოთა რუსთაველის სახელმწიფო უნივერსიტეტის მთავარი ბიბლიოთეკა ბათუმის შოთა რუსთაველის სახელმწიფო უნივერსიტეტის მთავარი ბიბლიოთეკა წიგნსაცავი 2026-03-06 15.00 24(520):008:94 D-29 73883 2026-03-06 73883 იაპონიის ელჩის საჩუქარი 2026-03-06 წიგნი 15 ლ.